书目信息 |
| 题名: |
天然奶酪品鉴宝典
|
|
| 作者: | 大谷元 | |
| 分册: | ||
| 出版信息: | 北京 中国轻工业出版社 2016.03 |
|
| 页数: | 196页 | |
| 开本: | 20cm | |
| 丛书名: | ||
| 单 册: | ||
| 中图分类: | TS252.53 | |
| 科图分类: | ||
| 主题词: | 食品工业 | |
| 电子资源: | ||
| ISBN: | 7-5184-0733-7 | |
| 000 | 00590nam0 2200205 450 | |
| 001 | 2717 | |
| 005 | 20161205145747.31 | |
| 010 | @a7-5184-0733-7@dCNY48.00 | |
| 100 | @a20150810d2016 km y0chiy0120 ea | |
| 101 | 0 | @achi |
| 102 | @aCN@b110000 | |
| 200 | 1 | @a天然奶酪品鉴宝典@Atian ran nai lao pin jian bao dian@f大谷元@Fda gu yuan |
| 210 | @a北京@c中国轻工业出版社@d2016.03 | |
| 215 | @a196页@d20cm | |
| 330 | @a奶酪·品鉴 | |
| 606 | 0 | @a食品工业 |
| 690 | @aTS252.53@v4 | |
| 701 | 0 | @a大谷元@Ada gu yuan |
| 801 | 0 | @aCN@b大连网信软件有限公司图书馆·11@c20161205 |
| 905 | @aZUCC@dTS252.53@e230 | |
| 天然奶酪品鉴宝典/大谷元.-北京:中国轻工业出版社,2016.03 |
| 196页;20cm |
| ISBN 7-5184-0733-7:CNY48.00 |
| 奶酪·品鉴 |
| ● |
| 相关链接 |
|
|
|
|
正题名:天然奶酪品鉴宝典
索取号:TS252.53/230
 
预约/预借
| 序号 | 登录号 | 条形码 | 馆藏地/架位号 | 状态 | 备注 |
| 1 | 910885 | 209108856 | 第二样本阅览室/ [索取号:TS252.53/230] | 在馆 | |
| 2 | 910886 | 209108865 | 第三借阅区/ [索取号:TS252.53/230] | 在馆 | |
| 3 | 910887 | 209108874 | 第三借阅区/ [索取号:TS252.53/230] | 在馆 | |
| 4 | 910888 | 209108883 | 第三借阅区/ [索取号:TS252.53/230] | 在馆 | |
| 5 | 910889 | 209108892 | 第三借阅区/ [索取号:TS252.53/230] | 在馆 |